000 01127nam2a22002411 4500
001 v19\rc\1796695
005 20250619081912.0
035 _a(NLR Aleph) 004887172
090 _a5232071
_c5232071
100 _a20061204d1905 |||y0rusy50 ca
101 0 _arus
102 _aRU
105 _aa z |||||
200 0 _a... за 1903 год
210 _d1905
_aБ. м.
215 _a[3], 454 с., 4 л. ил., табл.
_cил.
461 0 _1001v19\rc\1796694
_12001#$aРаботы Агрономической организации по Тобольской губернии...$fМ-во зем. и гос. имуществ. Деп. зем.$v... за 1903 год
_95232065
_aТобольская губ. агрономическая организация
_cТомск
_d1905
_fМ-во зем. и гос. имуществ. Деп. зем.
_tРаботы Агрономической организации по Тобольской губернии...
_v... за 1903 год
801 0 _aRU
_bNLR
_gpsbo
801 0 _aRU
_bRuMoRGB
_2psbo
801 1 _aRU
_bProSoft-M
_2rusmarc
852 _aNLR
_bВЭО
_j36б101
942 _cBOOK
980 _aNB